00844nam a2200205 a 4500008004100000050001900041100001900060245009900079260004000178300002200218350000900240490003200249650003000281650003300311650003100344700002000375995010000395999001700495952012600512081112s1995 ||||||||||||||||| || u aIBRD(08)TP/280 aRowat, Malcolm14aThe Judicial sector in Latin America and the Caribbean: proceedings of a World Bank conference aWashington, D. C.bWorld Bankc1995 axiii, 233p. :ill. a0.00 aWorld Bank Technical Papers aLAW REFORM--LATIN AMERICA 0aLAW AND ECONOMIC DEVELOPMENT aLAW REFORM--CARIBBEAN AREA aMalik, Waleed H D0.00FCBU-MAIN LIBRARY (Kitwe)H1I0.00M1UAVAILABLEWNov 12, 2008ZInternational Publications c48524d48524 00102lcc4070a001b001cInternational Publicationsd2022-11-30l0oIBRD(08)TP/280p019953r2022-11-30w2022-11-30y002